| 000 | 00904 am a22002897a 4500 | ||
|---|---|---|---|
| 001 | 010058509 | ||
| 005 | 20140302113158.0 | ||
| 008 | 900418s1990 xxka grb 001 0 eng d | ||
| 020 | _a0333488377 (pbk) | ||
| 020 | _a0333488369 (cased) | ||
| 020 | _a9780333488379 | ||
| 040 |
_aUk _cUk |
||
| 043 | _ae-uk--- | ||
| 082 | 0 | 4 |
_a658.8700941 _222 _bDAV |
| 100 | 1 |
_aDavies, Gary, _d1946- _935056 |
|
| 245 | 1 | 0 |
_aSmall business : _bthe independent retailer / _cGary Davies and Kim Harris. |
| 250 | _a1st ed. | ||
| 260 |
_aHoundmills, United Kingdom : _bMacmillan Education Ltd., _c1990. |
||
| 300 |
_ax,186 p. : _bill. ; _c24 cm. |
||
| 500 | _aIndex : p. 184-186. | ||
| 504 | _aBibliography : p. 179-183. | ||
| 650 | 0 |
_aRetail trade _zGreat Britain _935057 |
|
| 653 |
_bBUSADM _cFebruary2014 |
||
| 655 |
_vreading book _934232 |
||
| 700 | 1 |
_aHarris, Kim, _d1957- _935058 |
|
| 942 |
_2ddc _k658.8700941 DAV |
||
| 999 |
_c18021 _d17993 |
||